Famous Tigers and Lions by Picture 🐯🦁 - Statistics

General Stats
  • This quiz has been taken 158 times
    75 since last reset
  • The average score is 13 of 20
Answer Stats
Picture Answer % Correct
Simba
100%
Scar
96%
Tigger
94%
Pink Panther
93%
Mufasa
91%
Nala
87%
Cowardly Lion
84%
Tony the Tiger
73%
Aslan
71%
Shere Khan
71%
Hobbes
69%
MGM Lion
66%
Alex
56%
Bagheera
56%
Chester Cheetah
49%
Master {Tigress}
47%
Rajah
43%
{Nemean} Lion
36%
Snagglepuss
23%
Battle Cat
17%
No matching quizzes found
Score Distribution
Percent of People with Each Score
Percentile by Number Answered
Your Score History
You have not taken this quiz since the last reset